| 000 | 01826nam a22006017a 4500 | ||
|---|---|---|---|
| 003 | OSt | ||
| 005 | 20260401110756.0 | ||
| 007 | ta | ||
| 008 | 260401s2025 ag ||||| |||| 00| 0 spa d | ||
| 020 | _a9789870349747 | ||
| 040 | _ccj catamarca | ||
| 082 | _a34:62 B587t I | ||
| 100 | 1 | 0 |
_9303 _aBielli, Gaston Enrique |
| 245 | 1 | 0 | _aTratado de la prueba electronica I |
| 250 | _a2º ed. | ||
| 260 |
_aCABA: _bLa Ley, _c2025 |
||
| 300 |
_aV.1, 976 p. _c24 cm |
||
| 500 | _aINVENTARIO Nº 8134 | ||
| 650 | 7 | _2SAIJ | |
| 653 | _aDERECHO INFORMATICO | ||
| 653 | _aPRUEBA ELECTRONICA | ||
| 653 | _aPRUEBA-CCYC | ||
| 653 | _aPRUEBA-PENAL | ||
| 653 | _aNOCIONES TECNICAS-CONCEPTOS | ||
| 653 | _aFIRMA DIGITAL-LEY 25.506 | ||
| 653 | _aFIRMA ELECTRONICA | ||
| 653 | _aDCTO. 743/2024-FIRMA DIGITAL | ||
| 653 | _aPRUEBA ELECTRONICA-JUEZ | ||
| 653 | _aPRUEBA ELECTRONICA-CADENA DE CUSTODIA | ||
| 653 | _aPRUEBA ELECTRONICA-DERECHO CONSTITUCIONAL | ||
| 653 | _aIDENTIDAD DIGITAL | ||
| 653 | _aAUTENTIFICACION-IDENTIFICACION | ||
| 653 | _aPRUEBA ELECTRONICA-ILICITUD | ||
| 653 | _aPRUEBA ELECTRONICA-ADULTERACION-MANIPULACION | ||
| 653 | _aPRUEBA ELECTRONICA-FUENTES | ||
| 653 | _aPAGINAS WEB | ||
| 653 | _aCORREOS ELECTRONICOS | ||
| 653 | _aWHATSAPP | ||
| 653 | _aFACEBOOK | ||
| 653 | _aX (TWITTER) | ||
| 653 | _aINSTAGRAM | ||
| 653 | _aYOUTUBE | ||
| 653 | _aPLATAFORMA VIDEOCONFERENCIA | ||
| 653 | _aAUDIO-VIDEO-IMAGEN DIGITAL | ||
| 653 | _aPRIVACIDAD-INTERNET | ||
| 653 | _aINTIMIDAD-INTERNET | ||
| 653 | _aPRINCIPIO DE IGUALDAD | ||
| 653 | _aDERECHO A LA PROPIEDAD | ||
| 700 | 1 | 0 |
_9304 _aOrdoñez, Carlos J. _edir. |
| 700 | 0 |
_928 _aQuadri, Gabriel Hernan _edir. |
|
| 856 | _uhttps://drive.google.com/file/d/1wbsjyE0k8z8BsArUrrDYO5GrkmpwmAYr/view?usp=sharing | ||
| 942 |
_2ddc _cBK _n0 |
||
| 999 |
_c6514 _d6514 |
||